000 00574nam a2200193Ia 4500
003 GCL
008 140319s9999 xx 000 0 eng d
040 _aGCL /
_cGCL
082 0 4 _a338.973
_bN A
100 1 _aNESTER, WILLIAM
245 1 0 _aAMERICAN INDUSTRIAL POLICY: FREE OR MANAGED MARKETS /
_cNESTER, WILLIAM
260 _a[S.N] :
_bMACMILIAN PUBLISHING COMPANY ،
_c1997
300 _a288 P
650 0 4 _aINDUSTRIAL ECONOMICS
650 0 4 _aINDUSTRIAL ECONOMICS - U.S.A
650 0 4 _aINDUSTRIAL MILITARY COMPLEX
650 0 4 _aINDUSTRIAL MEDICINE
942 _2ddc
_cBK
999 _c15969
_d15969